| 000 | 00000nas 2200000za 4500 |
| 001 | 9.500523 |
| 003 | CaOODSP |
| 005 | 20240301111940 |
| 007 | cr ||||||||||| |
| 008 | 150406c19969999onc|| p o||||f| |0eng|d |
| 022 | |a1494-0353 |
| 040 | |aCaOODSP|beng |
| 041 | |aeng|afre |
| 043 | |an-cn--- |
| 086 | 1 |aYC11-PDF |
| 110 | 1 |aCanada. |bParliament. |bSenate. |bStanding Committee on Banking, Trade and Commerce. |
| 210 | 0 |aProc. Standing Senate Comm. Bank. Trade Commer. |b(Online) |
| 222 | 0|aProceedings of the Standing Senate Committee on Banking, Trade and Commerce |b(Online) |
| 240 | 10|aProceedings of the Standing Senate Committee on Banking, Trade and commerce (Online) |
| 245 | 10|aProceedings of the Standing Senate Committee on Banking, Trade and Commerce |h[electronic resource] = |bDélibérations du Comité sénatorial permanent des banques et du commerce. |
| 246 | 11|aDélibérations du Comité sénatorial permanent des banques et du commerce |
| 260 | |aOttawa : |bSenate, |c1996- |
| 310 | |aIrregular |
| 362 | 1 |a35th Parliament, 2nd session, issue no. 1 (Mar.19/26, 1996) -- |
| 500 | |aNumbering begins each session with issue no. 1. |
| 780 | 00|tProceedings of the Standing Committee on Banking and Commerce.|w(CaOODSP)9.934800 |
| 792 | |tProceedings of the Standing Senate Committee on Banking, Trade and Commerce |efre|w(CaOODSP)9.500524 |